000 00573nam a22002051c 4500
001 38811634X
008 080605s2004 gw |||| 000u ger d
020 _a3412104043
_93-412-10404-3
041 _ager
100 1 _aAdriányi, Gabriel
245 0 0 _aGeschichte der katholischen Kirche in Ungarn /
_cvon Gabriel Adrianyi
264 _aKöln :
_bBöhlau,
_c2004
300 _aXIV, 314 S. : Kt
650 0 _aKatholische Kirche
651 0 _aUngarn
942 _cMG
040 _cRU-10907106
003 RU-10907106
999 _c16470
_d16470
490 0 _aBonner Beiträge zur Kirchengeschichte
_v26